Normal view
MARC view
Entry Personal Name
001 - CONTROL NUMBER
- control field: 246847
003 - CONTROL NUMBER IDENTIFIER
- control field: MY-SjTCS
005 - DATE AND TIME OF LATEST TRANSACTION
- control field: 20200306164153.0
008 - FIXED-LENGTH DATA ELEMENTS
- fixed length control field: 200306|| aca||aabn | a|a d
040 ## - CATALOGING SOURCE
- Original cataloging agency: MY-SjTCS
- Transcribing agency: MY-SjTCS
100 ## - HEADING--PERSONAL NAME
- Personal name: Nightingale, Florence,
- Dates associated with a name: 1820-1910
670 ## - SOURCE DATA FOUND
- Source citation: Work cat.: (MY-SjTCS)48113: Nightingale, Florence, 1820-1910. 217409, Florence Nightingale's European travels, c2004.